| 000 | 01704nam1a2200313 i 4500 | ||
|---|---|---|---|
| 001 | RU\NLR\BIBL_A\010914176 | ||
| 005 | 20260405085628.0 | ||
| 035 | _a(NLR Aleph) 010914176 | ||
| 090 |
_a10645879 _c10645879 |
||
| 100 | _a20151109g20159999k y0rusy50 ca | ||
| 101 | 0 |
_arus _deng |
|
| 102 | _aRU | ||
| 105 | _a||||z ||||| | ||
| 200 | 1 |
_aМоделирование финансирования социальной сферы РФ и анализ социальной политики _fЕ. Ю. Фаерман, Н. А. Тарасова, И. А. Васильева, К. А. Фонтана |
|
| 210 |
_aМосква _cЦЭМИ РАН _d2015 |
||
| 215 | _d21 | ||
| 225 | 1 |
_aПрепринт _fФедер. гос. бюджет. учреждение науки Центр. экономико-математический ин-т РАН _v... |
|
| 606 | 1 |
_aСоциальная политика _yРоссийская Федерация _92073979 _3RU\NLR\AUTH\661248939 |
|
| 606 | 1 |
_aСоциальная сфера _xФинансирование _yРоссийская Федерация _92150219 _3RU\NLR\AUTH\661294995 |
|
| 686 | 1 | _aУ27(2)2 | |
| 686 | 1 | _aУ26(2)155 | |
| 701 | 1 |
_aФаерман _bЕ. Ю. _gЕфим Юльевич |
|
| 701 | 1 |
_7ca _8rus _aТарасова _bН. А. _cэкономист _f1938- _gНаталия Андреевна _94590 _3RU\NLR\AUTH\7721528 |
|
| 701 | 1 |
_7ca _8rus _aВасильева _bИ. А. _cэкономист, доход населения _gИрина Анатольевна _914561 _3RU\NLR\AUTH\7731551 |
|
| 701 | 1 |
_aФонтана _bК. А. _gКаринэ Аркадьевна |
|
| 852 |
_aNLR _j2015-4/15927 |
||
| 942 | _cBOOK | ||